[Event "Team Championship (men rapid)"]
[Site "Sochi"]
[Date "2017.10.03"]
[Round "2.13"]
[White "Dubov, Daniil"]
[Black "Rakhmanov, Aleksandr"]
[Result "0-1"]
[LiveChessVersion "1.4.8"]
[BlackElo "2591"]
[WhiteElo "2710"]

1. e4 {[%clk 0:15:13]} d5 {[%clk 0:15:04]} 2. exd5 {[%clk 0:14:11]} Qxd5
{[%clk 0:15:12]} 3. Nc3 {[%clk 0:13:56]} Qd6 {[%clk 0:15:20]} 4. d4
{[%clk 0:14:00]} Nf6 {[%clk 0:15:27]} 5. Be3 {[%clk 0:13:15]} e6 {[%clk 0:15:02]}
6. Qd2 {[%clk 0:12:51]} a6 {[%clk 0:15:05]} 7. Be2 {[%clk 0:12:26]} Nc6
{[%clk 0:12:59]} 8. O-O-O {[%clk 0:12:14]} Qd7 {[%clk 0:11:48]} 9. Nf3
{[%clk 0:11:51]} Bb4 {[%clk 0:11:21]} 10. Qd3 {[%clk 0:11:47]} Bd6
{[%clk 0:11:19]} 11. Ne4 {[%clk 0:11:21]} Nb4 {[%clk 0:10:33]} 12. Nxd6+
{[%clk 0:11:14]} cxd6 {[%clk 0:10:28]} 13. Qb3 {[%clk 0:10:42]} Nbd5
{[%clk 0:10:26]} 14. c4 {[%clk 0:09:20]} Nxe3 {[%clk 0:10:33]} 15. Qxe3
{[%clk 0:09:29]} O-O {[%clk 0:07:55]} 16. Nd2 {[%clk 0:03:42]} b5
{[%clk 0:07:43]} 17. Bf3 {[%clk 0:03:51]} Bb7 {[%clk 0:07:41]} 18. c5
{[%clk 0:04:00]} Rfc8 {[%clk 0:06:36]} 19. Kb1 {[%clk 0:04:02]} Bxf3
{[%clk 0:05:48]} 20. Qxf3 {[%clk 0:04:02]} dxc5 {[%clk 0:05:29]} 21. dxc5
{[%clk 0:04:07]} Qd4 {[%clk 0:05:14]} 22. Nb3 {[%clk 0:02:55]} Qe4+
{[%clk 0:05:18]} 23. Rd3 {[%clk 0:03:02]} a5 {[%clk 0:04:46]} 24. Rc1
{[%clk 0:03:11]} Qxf3 {[%clk 0:03:58]} 25. gxf3 {[%clk 0:02:16]} a4
{[%clk 0:02:59]} 26. Nd4 {[%clk 0:02:22]} b4 {[%clk 0:02:50]} 27. c6
{[%clk 0:01:54]} Kf8 {[%clk 0:02:46]} 28. Rc5 {[%clk 0:01:52]} Nd5
{[%clk 0:02:36]} 29. f4 {[%clk 0:01:04]} g6 {[%clk 0:02:44]} 30. f5
{[%clk 0:01:10]} gxf5 {[%clk 0:02:53]} 31. Nxf5 {[%clk 0:01:15]} Ra6
{[%clk 0:02:10]} 32. Nd4 {[%clk 0:01:24]} Ke7 {[%clk 0:01:37]} 33. Rh3
{[%clk 0:01:27]} Kd6 {[%clk 0:00:56]} 34. Rc1 {[%clk 0:01:02]} e5
{[%clk 0:00:59]} 35. Rh6+ {[%clk 0:00:28]} f6 {[%clk 0:01:06]} 36. Nb5+
{[%clk 0:00:15]} Ke6 {[%clk 0:01:15]} 37. c7 {[%clk 0:00:33]} Rb6
{[%clk 0:00:28]} 38. Rc5 {[%clk 0:00:41]} Rxb5 {[%clk 0:00:37]} 39. Rxb5
{[%clk 0:00:47]} Rxc7 {[%clk 0:00:46]} 40. Ra5 {[%clk 0:00:35]} Rg7
{[%clk 0:00:51]} 41. Rh5 {[%clk 0:00:17]} Nf4 {[%clk 0:00:34]} 42. Ra6+
{[%clk 0:00:25]} Kd5 {[%clk 0:00:33]} 43. Rf5 {[%clk 0:00:34]} b3
{[%clk 0:00:37]} 44. axb3 {[%clk 0:00:43]} axb3 {[%clk 0:00:45]} 45. Kc1
{[%clk 0:00:53]} Rc7+ {[%clk 0:00:41]} 46. Kd1 {[%clk 0:00:40]} Nd3
{[%clk 0:00:47]} 47. Rfxf6 {[%clk 0:00:31]} Nxb2+ {[%clk 0:00:49]} 48. Ke2
{[%clk 0:00:39]} Rc2+ {[%clk 0:00:55]} 49. Kf3 {[%clk 0:00:18]} Nc4
{[%clk 0:01:04]} 50. Ra8 {[%clk 0:00:12]} b2 {[%clk 0:01:02]} 51. Rd8+
{[%clk 0:00:19]} Kc5 {[%clk 0:01:08]} 52. Rb8 {[%clk 0:00:28]} b1=Q
{[%clk 0:00:14]} 53. Rxb1 {[%clk 0:00:36]} Nd2+ {[%clk 0:00:24]} 54. Kg3
{[%clk 0:00:39]} Nxb1 {[%clk 0:00:33]} 55. Rf7 {[%clk 0:00:48]} Nc3
{[%clk 0:00:33]} 56. Rxh7 {[%clk 0:00:55]} Ne4+ {[%clk 0:00:37]} 57. Kh4
{[%clk 0:00:31]} Rxf2 {[%clk 0:00:42]} 58. Rc7+ {[%clk 0:00:31]} Kd6
{[%clk 0:00:51]} 59. Ra7 {[%clk 0:00:34]} Rxh2+ {[%clk 0:00:54]} 60. Kg4
{[%clk 0:00:43]} Rf2 {[%clk 0:00:55]} 61. Ra6+ {[%clk 0:00:52]} Kd5
{[%clk 0:01:03]} 62. Ra5+ {[%clk 0:01:01]} Nc5 {[%clk 0:01:06]} 63. Kg3
{[%clk 0:01:10]} Rf8 {[%clk 0:01:14]} 0-1

[Event "Team Championship (men rapid)"]
[Site "Sochi"]
[Date "2017.10.03"]
[Round "2.14"]
[White "Rozum, Ivan"]
[Black "Morozevich, Alexander"]
[Result "1-0"]
[LiveChessVersion "1.4.8"]
[BlackElo "2636"]
[WhiteElo "2592"]

1. d4 {[%clk 0:15:18]} Nf6 {[%clk 0:14:20]} 2. c4 {[%clk 0:15:26]} e6
{[%clk 0:14:26]} 3. Nf3 {[%clk 0:15:21]} Bb4+ {[%clk 0:14:22]} 4. Bd2
{[%clk 0:15:04]} Be7 {[%clk 0:14:07]} 5. g3 {[%clk 0:14:28]} a6 {[%clk 0:14:05]}
6. Bg2 {[%clk 0:13:37]} b5 {[%clk 0:14:13]} 7. b3 {[%clk 0:12:24]} Bb7
{[%clk 0:14:02]} 8. O-O {[%clk 0:12:32]} O-O {[%clk 0:14:10]} 9. Nc3
{[%clk 0:12:37]} Ne4 {[%clk 0:13:09]} 10. Ne5 {[%clk 0:12:04]} Nxc3
{[%clk 0:12:52]} 11. Bxc3 {[%clk 0:12:13]} Bxg2 {[%clk 0:13:01]} 12. Kxg2
{[%clk 0:12:21]} f5 {[%clk 0:09:51]} 13. Qd3 {[%clk 0:11:57]} Qc8
{[%clk 0:09:43]} 14. e4 {[%clk 0:11:37]} Qb7 {[%clk 0:09:38]} 15. d5
{[%clk 0:10:43]} d6 {[%clk 0:04:22]} 16. Nf3 {[%clk 0:10:44]} e5 {[%clk 0:04:20]}
17. exf5 {[%clk 0:10:12]} Nd7 {[%clk 0:04:29]} 18. Nd2 {[%clk 0:08:16]} Nc5
{[%clk 0:03:53]} 19. Qc2 {[%clk 0:08:24]} b4 {[%clk 0:02:30]} 20. Bb2
{[%clk 0:08:28]} c6 {[%clk 0:02:39]} 21. dxc6 {[%clk 0:08:18]} Qxc6+
{[%clk 0:02:48]} 22. f3 {[%clk 0:07:58]} Qd7 {[%clk 0:01:08]} 23. g4
{[%clk 0:08:01]} g6 {[%clk 0:00:46]} 24. fxg6 {[%clk 0:08:02]} Ne6
{[%clk 0:00:49]} 25. gxh7+ {[%clk 0:08:04]} Kh8 {[%clk 0:00:57]} 26. Ne4
{[%clk 0:08:04]} Rf7 {[%clk 0:00:41]} 27. Rad1 {[%clk 0:08:08]} Qc6
{[%clk 0:00:50]} 28. Qd2 {[%clk 0:06:52]} Raf8 {[%clk 0:00:49]} 29. Nxd6
{[%clk 0:04:39]} Rxf3 {[%clk 0:00:37]} 30. Bxe5+ {[%clk 0:04:47]} Kxh7
{[%clk 0:00:47]} 31. Qd5 {[%clk 0:04:46]} Rxf1 {[%clk 0:00:17]} 32. Rxf1
{[%clk 0:04:32]} Qxd5+ {[%clk 0:00:20]} 33. cxd5 {[%clk 0:04:41]} Rxf1
{[%clk 0:00:15]} 34. Kxf1 {[%clk 0:04:48]} Nc7 {[%clk 0:00:13]} 35. Nf5
{[%clk 0:04:44]} Nxd5 {[%clk 0:00:21]} 36. Nxe7 {[%clk 0:04:49]} Nxe7
{[%clk 0:00:30]} 37. Ke2 {[%clk 0:04:56]} 1-0

[Event "Team Championship (men rapid)"]
[Site "Sochi"]
[Date "2017.10.03"]
[Round "2.15"]
[White "Savchenko, Boris"]
[Black "Moiseenko, Vadim"]
[Result "1-0"]
[LiveChessVersion "1.4.8"]
[BlackElo "2540"]
[WhiteElo "2669"]

1. e4 {[%clk 0:15:18]} c5 {[%clk 0:15:12]} 2. Nf3 {[%clk 0:15:26]} d6
{[%clk 0:15:19]} 3. d4 {[%clk 0:15:35]} cxd4 {[%clk 0:15:26]} 4. Nxd4
{[%clk 0:15:43]} Nf6 {[%clk 0:15:34]} 5. Nc3 {[%clk 0:15:52]} g6 {[%clk 0:15:42]}
6. Be3 {[%clk 0:15:59]} Bg7 {[%clk 0:15:50]} 7. f3 {[%clk 0:16:07]} O-O
{[%clk 0:15:49]} 8. Qd2 {[%clk 0:16:16]} Nc6 {[%clk 0:15:56]} 9. Bc4
{[%clk 0:16:24]} Na5 {[%clk 0:15:49]} 10. Be2 {[%clk 0:16:26]} Bd7
{[%clk 0:15:19]} 11. Bh6 {[%clk 0:16:24]} Rc8 {[%clk 0:13:07]} 12. h4
{[%clk 0:16:02]} Bxh6 {[%clk 0:12:36]} 13. Qxh6 {[%clk 0:16:10]} Qb6
{[%clk 0:12:45]} 14. O-O-O {[%clk 0:16:08]} Rxc3 {[%clk 0:12:37]} 15. bxc3
{[%clk 0:16:15]} Rc8 {[%clk 0:12:42]} 16. Nb3 {[%clk 0:15:22]} Rxc3
{[%clk 0:11:27]} 17. Kb2 {[%clk 0:15:01]} Rc8 {[%clk 0:10:11]} 18. h5
{[%clk 0:12:36]} Bb5 {[%clk 0:09:24]} 19. Bxb5 {[%clk 0:06:36]} Qxb5
{[%clk 0:09:32]} 20. hxg6 {[%clk 0:06:44]} Nc4+ {[%clk 0:08:01]} 21. Kc1
{[%clk 0:06:02]} fxg6 {[%clk 0:07:22]} 22. Qh3 {[%clk 0:05:21]} Rc7
{[%clk 0:06:23]} 23. f4 {[%clk 0:02:44]} a5 {[%clk 0:03:50]} 24. e5
{[%clk 0:01:59]} dxe5 {[%clk 0:01:57]} 25. Qe6+ {[%clk 0:01:30]} Kg7
{[%clk 0:02:04]} 26. f5 {[%clk 0:01:31]} Qb4 {[%clk 0:01:18]} 27. Rxh7+ 1-0

[Event "Team Championship (men rapid)"]
[Site "Sochi"]
[Date "2017.10.03"]
[Round "2.16"]
[White "Gogolev, Artem"]
[Black "Bocharov, Dmitry"]
[Result "1/2-1/2"]
[LiveChessVersion "1.4.8"]
[BlackElo "2580"]
[WhiteElo "2316"]

1. Nf3 {[%clk 0:15:18]} c5 {[%clk 0:15:18]} 2. c4 {[%clk 0:15:25]} Nc6
{[%clk 0:15:25]} 3. Nc3 {[%clk 0:15:32]} g6 {[%clk 0:15:32]} 4. e3
{[%clk 0:15:40]} Nf6 {[%clk 0:15:05]} 5. d4 {[%clk 0:15:47]} cxd4
{[%clk 0:15:06]} 6. exd4 {[%clk 0:15:54]} d5 {[%clk 0:15:15]} 7. cxd5
{[%clk 0:16:02]} Nxd5 {[%clk 0:15:23]} 8. Qb3 {[%clk 0:16:09]} e6
{[%clk 0:15:31]} 9. Bb5 {[%clk 0:14:14]} Bg7 {[%clk 0:15:38]} 10. Ne5
{[%clk 0:14:05]} Bd7 {[%clk 0:14:48]} 11. Nxd7 {[%clk 0:13:48]} Qxd7
{[%clk 0:14:56]} 12. Nxd5 {[%clk 0:13:24]} exd5 {[%clk 0:14:54]} 13. O-O
{[%clk 0:12:58]} O-O {[%clk 0:14:59]} 14. Be3 {[%clk 0:13:02]} Rfe8
{[%clk 0:12:36]} 15. Rac1 {[%clk 0:12:54]} Rac8 {[%clk 0:11:49]} 16. Rc5
{[%clk 0:12:34]} Red8 {[%clk 0:10:25]} 17. Rfc1 {[%clk 0:12:17]} Bf8
{[%clk 0:09:33]} 18. R5c2 {[%clk 0:12:17]} Rc7 {[%clk 0:08:14]} 19. Qa4
{[%clk 0:10:25]} Rdc8 {[%clk 0:08:14]} 20. Bf4 {[%clk 0:10:22]} Bd6
{[%clk 0:08:12]} 21. Bxc6 {[%clk 0:09:33]} bxc6 {[%clk 0:07:47]} 22. Bxd6
{[%clk 0:09:26]} Qxd6 {[%clk 0:07:56]} 23. g3 {[%clk 0:07:43]} Qe6
{[%clk 0:07:18]} 24. b4 {[%clk 0:07:12]} Qf6 {[%clk 0:06:11]} 25. Rd2
{[%clk 0:05:38]} Re8 {[%clk 0:06:04]} 26. Qa6 {[%clk 0:05:06]} Re6
{[%clk 0:05:51]} 27. Kg2 {[%clk 0:04:47]} Kg7 {[%clk 0:05:51]} 28. Qd3
{[%clk 0:04:36]} h5 {[%clk 0:04:22]} 29. h4 {[%clk 0:03:30]} Qe7 {[%clk 0:03:44]}
30. a3 {[%clk 0:03:18]} Re4 {[%clk 0:03:50]} 31. Qf3 {[%clk 0:02:29]} Qd6
{[%clk 0:03:44]} 32. Qb3 {[%clk 0:02:06]} Qf6 {[%clk 0:03:33]} 33. b5
{[%clk 0:01:55]} Rb7 {[%clk 0:03:18]} 34. a4 {[%clk 0:01:47]} Ree7
{[%clk 0:02:03]} 35. Rc5 {[%clk 0:01:38]} Qe6 {[%clk 0:01:47]} 36. Qf3
{[%clk 0:01:37]} cxb5 {[%clk 0:01:54]} 37. axb5 {[%clk 0:01:43]} Rbd7
{[%clk 0:02:03]} 38. Rc6 {[%clk 0:01:04]} Qe4 {[%clk 0:01:47]} 39. b6
{[%clk 0:00:51]} axb6 {[%clk 0:01:48]} 40. Rxb6 {[%clk 0:01:00]} Re8
{[%clk 0:01:28]} 41. Rb3 {[%clk 0:00:57]} Rc8 {[%clk 0:01:30]} 42. Re3
{[%clk 0:01:05]} Qxf3+ {[%clk 0:01:14]} 43. Kxf3 {[%clk 0:01:13]} Rc4
{[%clk 0:01:22]} 44. Re5 {[%clk 0:01:17]} Kf6 {[%clk 0:01:30]} 45. Ke3
{[%clk 0:01:10]} Rd6 {[%clk 0:01:34]} 46. Rd3 {[%clk 0:01:09]} Re6
{[%clk 0:01:41]} 47. Rxe6+ {[%clk 0:01:17]} fxe6 {[%clk 0:01:48]} 48. Ra3
{[%clk 0:01:16]} Kf5 {[%clk 0:01:49]} 49. Ra6 {[%clk 0:01:02]} Rb4
{[%clk 0:01:50]} 50. Ra3 {[%clk 0:01:05]} Rb1 {[%clk 0:01:50]} 51. Rd3
{[%clk 0:00:50]} Re1+ {[%clk 0:01:47]} 52. Kf3 {[%clk 0:00:56]} Re4
{[%clk 0:01:44]} 53. Rd2 {[%clk 0:00:55]} g5 {[%clk 0:01:46]} 54. hxg5
{[%clk 0:01:03]} Kxg5 {[%clk 0:01:55]} 55. Rd1 {[%clk 0:00:39]} h4
{[%clk 0:01:46]} 56. gxh4+ {[%clk 0:00:47]} Kxh4 {[%clk 0:01:54]} 57. Rd3
{[%clk 0:00:42]} Kg5 {[%clk 0:02:02]} 58. Re3 {[%clk 0:00:47]} Rf4+
{[%clk 0:02:04]} 59. Kg3 {[%clk 0:00:53]} Rg4+ {[%clk 0:02:09]} 60. Kf3
{[%clk 0:01:00]} Rf4+ {[%clk 0:02:17]} 61. Kg3 {[%clk 0:01:09]} Rf6
{[%clk 0:02:24]} 62. Re5+ {[%clk 0:01:15]} Kg6 {[%clk 0:02:33]} 63. Re2
{[%clk 0:01:16]} Kf7 {[%clk 0:02:40]} 64. Ra2 {[%clk 0:01:23]} Rg6+
{[%clk 0:02:46]} 65. Kf4 {[%clk 0:01:29]} Kf6 {[%clk 0:02:52]} 66. Ra8
{[%clk 0:01:35]} Rh6 {[%clk 0:03:01]} 67. Rf8+ {[%clk 0:01:40]} Ke7
{[%clk 0:03:09]} 68. Rg8 {[%clk 0:01:36]} Rh4+ {[%clk 0:03:11]} 69. Rg4
{[%clk 0:01:41]} Rh2 {[%clk 0:03:14]} 70. f3 {[%clk 0:01:41]} Rd2
{[%clk 0:03:06]} 71. Ke3 {[%clk 0:01:46]} Ra2 {[%clk 0:03:14]} 72. Rh4
{[%clk 0:01:42]} Ra3+ {[%clk 0:03:18]} 73. Ke2 {[%clk 0:01:41]} Rc3
{[%clk 0:03:22]} 74. Rh6 {[%clk 0:01:47]} Kf7 {[%clk 0:03:22]} 75. Rh5
{[%clk 0:01:44]} Kg6 {[%clk 0:03:26]} 76. Re5 {[%clk 0:01:52]} Kf6
{[%clk 0:03:35]} 77. Rh5 {[%clk 0:01:53]} Ra3 {[%clk 0:03:41]} 78. Re5
{[%clk 0:01:58]} Rc3 {[%clk 0:03:06]} 79. f4 {[%clk 0:01:28]} Ra3
{[%clk 0:02:53]} 80. f5 {[%clk 0:01:30]} exf5 {[%clk 0:03:01]} 81. Rxd5
{[%clk 0:01:39]} Kg5 {[%clk 0:03:10]} 82. Rb5 {[%clk 0:01:12]} Kf4
{[%clk 0:03:18]} 83. Rb2 {[%clk 0:01:18]} Kg3 {[%clk 0:03:24]} 84. Kf1
{[%clk 0:01:15]} Ra1+ {[%clk 0:03:21]} 85. Ke2 {[%clk 0:01:24]} f4
{[%clk 0:03:28]} 86. d5 {[%clk 0:01:07]} f3+ {[%clk 0:02:44]} 87. Ke3
{[%clk 0:01:14]} Re1+ {[%clk 0:02:19]} 88. Kd4 {[%clk 0:01:10]} Re2
{[%clk 0:02:25]} 89. Rb8 {[%clk 0:01:02]} f2 {[%clk 0:02:14]} 90. Rg8+
{[%clk 0:01:08]} Kh2 {[%clk 0:02:17]} 91. Rh8+ {[%clk 0:01:15]} Kg2
{[%clk 0:02:23]} 92. Rg8+ {[%clk 0:01:24]} Kf1 {[%clk 0:02:04]} 93. d6
{[%clk 0:01:26]} Rd2+ {[%clk 0:02:12]} 94. Kc5 {[%clk 0:01:33]} Ke1
{[%clk 0:02:19]} 95. Rf8 {[%clk 0:01:40]} f1=Q {[%clk 0:02:10]} 96. Rxf1+
{[%clk 0:01:48]} Kxf1 {[%clk 0:02:18]} 97. Kc6 {[%clk 0:01:56]} Rxd6+
{[%clk 0:02:25]} 98. Kxd6 {[%clk 0:02:04]} 1/2-1/2

[Event "Team Championship (men rapid)"]
[Site "Sochi"]
[Date "2017.10.03"]
[Round "2.17"]
[White "Pogromsky, Mikhail"]
[Black "Jakovenko, Dmitry"]
[Result "0-1"]
[LiveChessVersion "1.4.8"]
[BlackElo "2730"]
[WhiteElo "2524"]

1. d4 {[%clk 0:15:15]} Nf6 {[%clk 0:15:19]} 2. Nc3 {[%clk 0:15:24]} d5
{[%clk 0:15:27]} 3. Bg5 {[%clk 0:15:32]} Nbd7 {[%clk 0:14:29]} 4. Nf3
{[%clk 0:15:40]} h6 {[%clk 0:14:20]} 5. Bh4 {[%clk 0:15:48]} e6 {[%clk 0:14:26]}
6. e4 {[%clk 0:15:49]} g5 {[%clk 0:13:50]} 7. Bg3 {[%clk 0:15:57]} Nxe4
{[%clk 0:13:29]} 8. Nxe4 {[%clk 0:15:57]} dxe4 {[%clk 0:13:38]} 9. Ne5
{[%clk 0:14:18]} Bg7 {[%clk 0:11:39]} 10. h4 {[%clk 0:12:23]} c5 {[%clk 0:11:22]}
11. c3 {[%clk 0:07:31]} cxd4 {[%clk 0:10:35]} 12. cxd4 {[%clk 0:07:39]} Nxe5
{[%clk 0:10:07]} 13. dxe5 {[%clk 0:07:08]} Bd7 {[%clk 0:09:48]} 14. hxg5
{[%clk 0:06:32]} hxg5 {[%clk 0:09:31]} 15. Rxh8+ {[%clk 0:06:17]} Bxh8
{[%clk 0:09:40]} 16. Qd4 {[%clk 0:03:33]} Bc6 {[%clk 0:08:50]} 17. Rd1
{[%clk 0:02:02]} Qxd4 {[%clk 0:08:06]} 18. Rxd4 {[%clk 0:02:10]} Bg7
{[%clk 0:08:08]} 19. Bc4 {[%clk 0:01:34]} Bf8 {[%clk 0:07:43]} 20. Ke2
{[%clk 0:00:49]} Bc5 {[%clk 0:07:32]} 21. Rd1 {[%clk 0:00:50]} Ke7
{[%clk 0:07:32]} 22. a3 {[%clk 0:00:51]} a5 {[%clk 0:07:29]} 23. Rc1
{[%clk 0:00:27]} Bd4 {[%clk 0:07:14]} 24. Rb1 {[%clk 0:00:16]} a4
{[%clk 0:06:58]} 25. b4 {[%clk 0:00:11]} axb3 {[%clk 0:07:01]} 26. Rxb3
{[%clk 0:00:20]} Bc5 {[%clk 0:06:58]} 27. f3 {[%clk 0:00:19]} exf3+
{[%clk 0:06:56]} 28. gxf3 {[%clk 0:00:28]} Rxa3 {[%clk 0:06:57]} 29. Rxa3
{[%clk 0:00:37]} Bxa3 {[%clk 0:07:05]} 30. f4 {[%clk 0:00:27]} g4
{[%clk 0:04:50]} 31. Bh4+ {[%clk 0:00:21]} Kd7 {[%clk 0:04:58]} 32. f5
{[%clk 0:00:24]} Bb2 {[%clk 0:04:35]} 33. fxe6+ {[%clk 0:00:21]} fxe6
{[%clk 0:04:43]} 34. Bg3 {[%clk 0:00:22]} b5 {[%clk 0:04:50]} 35. Bd3
{[%clk 0:00:25]} b4 {[%clk 0:04:48]} 36. Kd2 {[%clk 0:00:20]} Bc3+
{[%clk 0:04:27]} 37. Kc2 {[%clk 0:00:26]} Ba4+ {[%clk 0:04:28]} 38. Kc1
{[%clk 0:00:33]} b3 {[%clk 0:04:34]} 39. Be2 {[%clk 0:00:36]} Bc6
{[%clk 0:04:32]} 40. Bd3 {[%clk 0:00:42]} Bd5 {[%clk 0:04:35]} 41. Kb1
{[%clk 0:00:45]} Kc6 {[%clk 0:04:41]} 42. Kc1 {[%clk 0:00:19]} Kc5
{[%clk 0:04:48]} 43. Bf2+ {[%clk 0:00:26]} Kb4 {[%clk 0:04:49]} 0-1

[Event "Team Championship (men rapid)"]
[Site "Sochi"]
[Date "2017.10.03"]
[Round "2.18"]
[White "Khismatullin, Denis"]
[Black "Vokarev, Sergey"]
[Result "1-0"]
[LiveChessVersion "1.4.8"]
[BlackElo "2453"]
[WhiteElo "2600"]

1. d4 {[%clk 0:15:18]} d5 {[%clk 0:15:18]} 2. Bf4 {[%clk 0:15:18]} Nf6
{[%clk 0:15:23]} 3. e3 {[%clk 0:15:27]} e6 {[%clk 0:15:29]} 4. Nf3
{[%clk 0:15:34]} c5 {[%clk 0:15:33]} 5. Nbd2 {[%clk 0:15:32]} Nc6
{[%clk 0:15:38]} 6. c3 {[%clk 0:15:40]} Bd6 {[%clk 0:15:46]} 7. Bg3
{[%clk 0:15:49]} O-O {[%clk 0:15:51]} 8. Bb5 {[%clk 0:15:56]} Ne7
{[%clk 0:14:09]} 9. Bd3 {[%clk 0:15:53]} b6 {[%clk 0:14:03]} 10. e4
{[%clk 0:15:45]} Bxg3 {[%clk 0:08:30]} 11. hxg3 {[%clk 0:15:53]} h6
{[%clk 0:08:21]} 12. e5 {[%clk 0:15:26]} Nd7 {[%clk 0:08:28]} 13. Qe2
{[%clk 0:14:05]} cxd4 {[%clk 0:07:17]} 14. cxd4 {[%clk 0:13:16]} Nc6
{[%clk 0:07:25]} 15. a3 {[%clk 0:08:14]} f6 {[%clk 0:06:39]} 16. Rc1
{[%clk 0:07:07]} Bb7 {[%clk 0:06:07]} 17. O-O {[%clk 0:06:01]} fxe5
{[%clk 0:04:22]} 18. Bb5 {[%clk 0:06:09]} Nxd4 {[%clk 0:02:44]} 19. Nxd4
{[%clk 0:05:59]} exd4 {[%clk 0:02:53]} 20. Qxe6+ {[%clk 0:05:39]} Rf7
{[%clk 0:03:02]} 21. Nb3 {[%clk 0:05:32]} 1-0

[Event "Team Championship (men rapid)"]
[Site "Sochi"]
[Date "2017.10.03"]
[Round "2.19"]
[White "Kozlov, Oleg"]
[Black "Iljiushenok, Ilia"]
[Result "1/2-1/2"]
[LiveChessVersion "1.4.8"]
[BlackElo "2594"]
[WhiteElo "2356"]

1. c4 {[%clk 0:15:19]} Nf6 {[%clk 0:15:18]} 2. Nf3 {[%clk 0:15:26]} g6
{[%clk 0:15:27]} 3. g3 {[%clk 0:15:35]} Bg7 {[%clk 0:15:35]} 4. Bg2
{[%clk 0:15:45]} O-O {[%clk 0:15:41]} 5. O-O {[%clk 0:15:47]} d6 {[%clk 0:15:50]}
6. d4 {[%clk 0:15:56]} Nc6 {[%clk 0:15:58]} 7. b3 {[%clk 0:15:38]} e5
{[%clk 0:15:49]} 8. dxe5 {[%clk 0:13:32]} dxe5 {[%clk 0:15:56]} 9. Bb2
{[%clk 0:13:37]} e4 {[%clk 0:14:47]} 10. Ng5 {[%clk 0:13:00]} Bf5
{[%clk 0:14:41]} 11. Nh3 {[%clk 0:12:46]} e3 {[%clk 0:13:38]} 12. Nc3
{[%clk 0:11:47]} Qc8 {[%clk 0:12:06]} 13. Nd5 {[%clk 0:06:52]} Ne4
{[%clk 0:06:26]} 14. Bxg7 {[%clk 0:06:52]} Kxg7 {[%clk 0:06:33]} 15. Bxe4
{[%clk 0:02:35]} Bxh3 {[%clk 0:06:42]} 16. Bg2 {[%clk 0:02:36]} exf2+
{[%clk 0:06:47]} 17. Rxf2 {[%clk 0:02:46]} Bxg2 {[%clk 0:06:56]} 18. Kxg2
{[%clk 0:02:54]} Qe6 {[%clk 0:07:01]} 19. Nxc7 {[%clk 0:02:05]} Qe4+
{[%clk 0:07:09]} 20. Kg1 {[%clk 0:02:15]} Rad8 {[%clk 0:07:12]} 21. Qe1
{[%clk 0:01:35]} Ne7 {[%clk 0:02:07]} 22. Qc3+ {[%clk 0:01:26]} Kg8
{[%clk 0:02:16]} 23. Raf1 Rd7 24. Rf4 {[%clk 0:00:31]} Qxe2 {[%clk 0:02:31]} 25.
Nb5 {[%clk 0:00:30]} Nf5 {[%clk 0:02:37]} 26. R4f2 {[%clk 0:00:27]} Qe4
{[%clk 0:02:42]} 27. Nxa7 {[%clk 0:00:29]} Rfd8 {[%clk 0:02:11]} 28. Nb5
{[%clk 0:00:20]} Ne3 {[%clk 0:02:01]} 29. Re2 {[%clk 0:00:15]} Rd3
{[%clk 0:00:59]} 30. Qf6 {[%clk 0:00:24]} R8d7 {[%clk 0:01:00]} 31. Qf2
{[%clk 0:00:28]} Re7 {[%clk 0:00:45]} 32. Rfe1 {[%clk 0:00:35]} Qe5
{[%clk 0:00:46]} 33. Na3 {[%clk 0:00:35]} Qg5 {[%clk 0:00:34]} 34. Nc2
{[%clk 0:00:39]} Ng4 {[%clk 0:00:43]} 35. Qf4 {[%clk 0:00:26]} Qc5+
{[%clk 0:00:52]} 36. Kg2 {[%clk 0:00:34]} Rxe2+ {[%clk 0:00:59]} 37. Rxe2
{[%clk 0:00:44]} h5 {[%clk 0:00:54]} 38. h3 {[%clk 0:00:46]} Qc6+
{[%clk 0:01:03]} 39. Qe4 {[%clk 0:00:34]} Re3 {[%clk 0:01:05]} 40. Rxe3
{[%clk 0:00:19]} Nxe3+ {[%clk 0:01:13]} 41. Kf3 {[%clk 0:00:28]} Nxc2
{[%clk 0:01:22]} 42. Qxc6 {[%clk 0:00:30]} Nd4+ {[%clk 0:01:30]} 43. Ke4
{[%clk 0:00:39]} Nxc6 {[%clk 0:01:40]} 44. Kd5 {[%clk 0:00:38]} f5
{[%clk 0:01:49]} 45. h4 {[%clk 0:00:46]} Kf7 {[%clk 0:01:58]} 46. a3
{[%clk 0:00:54]} Ne7+ {[%clk 0:00:45]} 47. Ke5 {[%clk 0:01:00]} Nc6+
{[%clk 0:00:49]} 48. Kd5 {[%clk 0:01:02]} Ne7+ {[%clk 0:00:46]} 49. Ke5
{[%clk 0:01:07]} Nc6+ {[%clk 0:00:55]} 50. Kd5 {[%clk 0:00:48]} g5
{[%clk 0:01:04]} 51. hxg5 {[%clk 0:00:46]} Kg6 {[%clk 0:00:57]} 52. b4
{[%clk 0:00:55]} Kxg5 53. b5 Na5 {[%clk 0:01:08]} 54. c5 {[%clk 0:00:59]} f4
{[%clk 0:01:17]} 55. gxf4+ {[%clk 0:00:21]} Kxf4 {[%clk 0:01:25]} 56. c6
{[%clk 0:00:12]} bxc6+ {[%clk 0:01:34]} 57. bxc6 {[%clk 0:00:21]} Nxc6
{[%clk 0:01:43]} 58. Kxc6 {[%clk 0:00:30]} h4 59. a4 h3 {[%clk 0:01:58]} 60. a5
{[%clk 0:00:49]} h2 {[%clk 0:02:07]} 61. a6 {[%clk 0:00:23]} h1=Q+
{[%clk 0:02:13]} 62. Kb6 {[%clk 0:00:31]} Qa8 {[%clk 0:02:21]} 63. a7
{[%clk 0:00:37]} Ke5 {[%clk 0:02:30]} 64. Ka6 Kd5 {[%clk 0:02:38]} 65. Kb6
{[%clk 0:00:55]} Qc6+ {[%clk 0:02:45]} 66. Ka5 {[%clk 0:01:04]} Kc4
{[%clk 0:02:53]} 1/2-1/2

[Event "Team Championship (men rapid)"]
[Site "Sochi"]
[Date "2017.10.03"]
[Round "2.20"]
[White "Kabanov, Nikolai"]
[Black "Ozgibcev, Anatoly"]
[Result "1/2-1/2"]
[LiveChessVersion "1.4.8"]
[BlackElo "2346"]
[WhiteElo "2538"]

1. e4 {[%clk 0:15:18]} e5 {[%clk 0:15:18]} 2. Nf3 {[%clk 0:15:26]} Nc6
{[%clk 0:15:27]} 3. Nc3 {[%clk 0:15:34]} Nf6 {[%clk 0:15:34]} 4. d4 Bb4
{[%clk 0:14:41]} 5. Nxe5 {[%clk 0:15:47]} Nxe4 {[%clk 0:14:28]} 6. Qg4
{[%clk 0:13:33]} Nxc3 {[%clk 0:14:27]} 7. Qxg7 {[%clk 0:13:39]} Rf8
{[%clk 0:14:01]} 8. a3 {[%clk 0:13:35]} Ba5 {[%clk 0:13:59]} 9. Nxc6
{[%clk 0:09:42]} dxc6 {[%clk 0:13:37]} 10. Qe5+ {[%clk 0:09:18]} Qe7
{[%clk 0:13:45]} 11. Bd2 {[%clk 0:08:39]} Qxe5+ {[%clk 0:12:17]} 12. dxe5
{[%clk 0:08:47]} Bf5 {[%clk 0:12:06]} 13. Bxc3 {[%clk 0:08:40]} Bxc3+
{[%clk 0:12:14]} 14. bxc3 {[%clk 0:08:49]} O-O-O {[%clk 0:11:50]} 15. Rd1
{[%clk 0:05:39]} Rde8 {[%clk 0:11:04]} 1/2-1/2